Parishes of Guernsey - Statistics

General Stats
  • This quiz has been taken 27 times
    13 since last reset
  • The average score is 9 of 12
Answer Stats
Answer % Correct
Saint Martin
100%
Sark
100%
Alderney
100%
Vale
80%
Saint Sampson
80%
Saint Peter Port
80%
Saint Pierre du-Bois
80%
Saint Saviour
60%
Saint Andrew
60%
Forest
60%
Castel
60%
Torteval
60%
No matching quizzes found
Score Distribution
Percent of People with Each Score
Percentile by Number Answered
Your Score History
You have not taken this quiz since the last reset